Creative classroom /

Bibliographic Details
Main Author: Shoemaker, Kathryn E.
Format: Book
Language:English
Published: Minneapolis, Minn. : Winston Press, [1980]
Series:Shoemaker, Kathryn E. Kathryn Shoemaker craft book.
Subjects:

MARC

Tag First Indicator Second Indicator Subfields
LEADER 00000cam a2200000 a 4500
001 in00000073693
005 20151008054654.0
008 800820s1980 mnua 00010 engm
010 |a  79064651  
020 |a 0030534410 (pbk.) 
035 |a (OCoLC)06563804 
035 |9 AAJ1337AM 
040 |a DLC  |c DLC  |d m.c.  |d TXA  |d UtOrBLW 
049 |a TXAM  |c [1560825] 
050 0 0 |a TT150  |b .S36 
082 0 |a 372.5/5044  |2 19 
100 1 |a Shoemaker, Kathryn E. 
245 1 0 |a Creative classroom /  |c by Kathryn E. Shoemaker. 
264 1 |a Minneapolis, Minn. :  |b Winston Press,  |c [1980] 
264 4 |c ©1980 
300 |a 121 pages :  |b illustrations ;  |c 22 x28 cm. 
336 |a text  |b txt  |2 rdacontent 
337 |a unmediated  |b n  |2 rdamedia 
338 |a volume  |b nc  |2 rdacarrier 
490 1 |a A Kathryn Shoemaker craft book 
650 0 |a Handicraft  |x Study and teaching (Elementary) 
650 0 |a Creative activities and seat work. 
800 1 |a Shoemaker, Kathryn E.  |t Kathryn Shoemaker craft book. 
999 |a MARS 
999 f f |s c74b221c-5d5e-367a-a0b1-ab8bf7256e24  |i 6823aca9-e73d-332e-8e31-111590e725ba  |t 0 
952 f f |p ric  |a Texas A&M University  |b Rellis Campus  |c Joint Library Facility  |d Remote Storage  |t 0  |e TT150 .S36  |h Library of Congress classification  |i unmediated -- volume  |m A14806259329 
998 f f |a TT150 .S36  |t 0  |l Remote Storage